Quiz Vocabulaire polonais - Statistiques

Statistiques générales
  • Ce quiz a été pris 44 fois
  • Le résultat moyen est 9 sur 15
Statistiques - réponses
Français Polski % Correct
Maison Dom
90%
Eau Woda
87%
Café Kawa
83%
Femme Kobieta
80%
Pain Chleb
77%
Tomate Pomidor
77%
Poisson Ryba
63%
Sandwich Kanapka
57%
Pays Kraj
50%
Nourriture Jedzenie
43%
Canard Kaczka
43%
Fille Dziewczynka
40%
Dîner Kolacja
37%
Enseignante Nauczycielka
20%
Agriculteur Rolnik
17%
Aucun quiz correspondant
Distribution des résultats
% des personnes avec chaque résultat
Percentile par nombre de réponses
Votre historique - résultats
Vous n’avez pas pris ce quiz